| 000 | 00000nam##2200000za#4500 |
| 001 | 9.573893 |
| 003 | CaOODSP |
| 005 | 20230501141950 |
| 007 | cr ||||||||||| |
| 008 | 150406|1995||||xxc|||||o f|0| 0 eng|d |
| 022 | |a1488-5379 |
| 040 | |aCaOODSP|beng |
| 043 | |an-cn--- |
| 086 | 1 |aFs97-6/2059E-PDF |
| 110 | 2 |aMaurice Lamontagne Institute. |
| 245 | 10|aFecundity and reproduction characteristics of beaked redfish (Sebastes fasciatus and S. mentella) in the Gulf of St. Lawrence / |h[electronic resource]|cby Jean-François St-Pierre and Yves de Lafontaine. |
| 260 | |aMont-Joli - Quebec : |bFisheries and Oceans Canada. |c1995. |
| 300 | |a42p.|bgraphs, maps, tables |
| 490 | 1 |aCanadian technical report of fisheries and aquatic sciences|x1488-5379|vNo. 2059 |
| 500 | |aThe catalogue number (Fs97-6/2059E) and ISSN (0706-6457) for the print edition have been incorrectly copied in this electronic publication. |
| 504 | |aBibliography. |
| 546 | |a(Résumé en français) |
| 590 | |a12-23-Supp|b2012-05-28 |
| 720 | 1 |ade Lafontaine, Yves |
| 720 | 1 |aSt-Pierre, Jean-François |
| 776 | 0#|tFecundity and reproduction characteristics of beaked redfish (Sebastes fasciatus and S. mentella) in the Gulf of St. Lawrence / |w(CaOODSP)9.612614 |
| 830 | #0|aCanadian technical report of fisheries and aquatic sciences,|x1488-5379|vNo. 2059|w(CaOODSP)9.504449 |
| 856 | 40|ahttp://publications.gc.ca|qPDF|s1.67 MB|uhttps://publications.gc.ca/collections/collection_2012/mpo-dfo/Fs97-6-2059-eng.pdf|yNo. 2059 |